000 00597nam a2200205 a 4500
001 BRCA_8434
005 20190320210258.0
008 150915s1986----mx-a######---#000-0#spa-#
020 _a9682910471
041 _aspa
044 _amx
050 4 _aN6494.S8
_b.S87 1986
245 1 0 _aLos surrealistas en México.
260 _aMéxico
_bINBA, Museo Nacional de Arte : SEP
_c1986
300 _a115 p.
_bil. (algunas a color)
_c28 cm.
500 _aIncluye catálogo de obra
650 1 4 _aSurrealismo
_vExposiciones
_93300
650 1 4 _aArte moderno
_vExposiciones
_ySiglo XX
_917959
942 _2lcc
_cB
999 _c8101
_d8101